| 000 | 00904nam a22002057a 4500 | ||
|---|---|---|---|
| 999 |
_c370770 _d370770 |
||
| 008 | 201130b ||||| |||| 00| 0 eng d | ||
| 040 |
_bger _cDE-2950 _erda _aDE-2950 |
||
| 041 | _ager | ||
| 100 | _aMatschkowiak, René: | ||
| 245 |
_aNeuer Trainer stellt sich bei Talk im Kiez vor. _bBrandenburghalle: Am Sonnabend starten die Handballerinnen vom FHC in die Saison - vor Publikum. Im Gespräch mit Uwe Köppen gaben Coach Steffen Obst und drei Spielerinnen Einblick in die Vorbereitung und verrieten auch Persönliches / _cRené Matschkowiak |
||
| 264 | _c2021 | ||
| 653 | _aFrankfurt (Oder) | ||
| 653 | _aFHC | ||
| 653 | _aKöppen, Uwe, Trainer | ||
| 773 |
_dFrankfurt (Oder): Märkisches Verlags- und Druckhaus GmbH & Co KG _g32. Jahrgang (2021) Nr. 204 vom 02.09.2021, S. 15: Foto _tMärkische Oderzeitung |
||
| 942 | _cA | ||